zpět

Detail výsledku týmu

Pivovar Parník, Přerov

Datum a čas kvízu

21 Celkem bodů Celkový počet nahraných bodů na tomto kvízu bez doplňovacích otázek.
5. Pořadí na kvízu Konečné umístění týmu na tomto kvízu.

Zaznamenané odpovědi

# Otázka Odpověď Body Výsledky
1. Česká advokátní komora uložila... 0
2. Její královská Výsost vévodkyn... 1
3. Ve zlínském obchodním a zábavn... 1
4. Bývalého hokejového brankáře,... 1
5. Velká fotbalová legenda se sta... 0
6. Dědictví aneb Kurvahošigutntag... 1
7. Bohuš: "Není to ___, ten Kája?... 0
8. Kterou značku cigaret má Bohuš... 1
9. "Však je to sladké jak ___ ___... 1
10. Pták, kterého Bohuš koupil Ire... 1